1920 1027 1474 1598 1985 1799 1204 1195 1856 1299 1127 1944 1760 1538 1182 1619 1517 1450 1047 1199 1937 1562 1447 1948 1720 1731 1245 1187 1041 1811 1094 1326 1076 1602 1824 1155 1801 1902 1475 1549 1094 1041 1954 1345 1954 1218 1585 1660 1320 1785 1063 1904 1658 1111 1654 1327 1940 1088 1596 1888 1589 1598 1651 1836 1519 1114 1560 1447 1823 1349 1219 1224 1044 1051 1746 1190 1045 1508 1045 1667 1964 1148 1798 1741 1154 1096 1767 1532 1634 1451 1523 1713 1429 1264 1564 1039 1712 1050 1785 BCNSPRNW ULIB Ver.6.0+V

เปลี่ยนเป็นภาษาไทย

Change to English
 แสดงรายละเอียดบรรณานุกรม
  กลับหน้าหลัก

Brief Record : Get Marc (ISO 2709) : E-mail record : QR code < ปิดหน้าต่าง
LEADER : 00000nam 2200000uu 4500
001    13399121551
003     ULIB
008    121122s2552||||th 000 0 tha d
020    ^a6117197093
024    ^a9786117197093
060 04 ^aWW100^bน927น
245 00 ^aแนวทางจักษุวิทยาสำหรับเวชปฏิบัติทั่วไป =^bEye care for GP./^cบรรณาธิการ, ศักดิ์ชัย วงศกิตติรักษ์
246 31 ^aEye care for GP.
250    ^aพิมพ์ครั้งที่ 1
260    ^aกรุงเทพฯ :^bหมอชาวบ้าน,^c2552
300    ^a84 หน้า :^bภาพประกอบ (สีบางภาพ) ;^c21 ซม.
650  7 ^aจักษุวิทยา
650  7 ^aตา, โรค^xการวินิจฉัย
650  7 ^aตา, โรค^xการรักษา
700 0  ^aศักดิ์ชัย วงศกิตติรักษ์,^eบรรณาธิการ
945    ^p150^l0^i16189
995    ^aวิภา
999 ^a ใช้งานได้ทุกระบบ
รายการนี้ยังไม่มีแท็ก
คุณยังไม่ได้ล็อกอิน คุณสามารถมีกิจกรรมร่วมกับเว็บไซต์ได้ แต่ต้องล็อกอินก่อน ::
  ล็อกอิน

รายการสื่อสารสนเทศ

ลำดับที่ ประเภท เลขเรียก/บาร์โค้ด สถานที่ สถานะ
- ไม่พบข้อมูล -

รายการใกล้เคียง
    หัวเรื่อง [จักษุวิทยา]

BibComment


ยังไม่เคยถูกคอมเมนท์

คอมเมนท์ทรัพยากรรายการนี้
  คอมเมนท์: แนวทางจักษุวิทยา..


 Copyright 2026. Bcnsprnw @Library